000 01120nam a22002297a 4500
005 20100529111626.0
008 100529t xxu||||| |||| 00| 0 hin d
010 _aHIN-89421
020 _a9789380044378
_c250.00
035 _aHN-61767
037 _bDBAD / PUB
040 _aDPL
_bHN
082 _a080
100 _aस्वयं प्रकाश
_922921
245 _aएक कहानीकार की नोटबुक /
_cस्वयं प्रकाश
246 _aek Kahaanikaar ki notebook
_bby Swayam Prakash
260 _aगाजियाबाद
_bअंतिका प्रकाशन
_c2010
270 _aसी-56/यूजीएफ-4, शालीमार गार्डन, एक्सटेंशन-11
_bगाजियाबाद
_e201005 (उ.प्र.)
_k0120 6475212
_mantika56@gmail.com
300 _a151पृ
_c22सेमी (सजिल्द)
942 _2ddc
_cHN
_mस्वयंप्र
_h080
999 _c36359
_d36359